000 00569nam a2200217Ia 4500
001 15393
003 GE_BSU
008 181216s||||||||xx |||||||||||||| ||und||
040 _cGE_BSU
080 _a821.353.1-31
100 _aქუთათელი, ა.
245 _aსათვალთვალო. წ1
245 _bრომანი
260 _aთბილისი
260 _bმერანი
260 _c1975
300 _a405გვ.20სმ.
653 _aრომანი
653 _aსათვალთვალო
942 _cBK
999 _c48497
_d48497